| 000 | 00000nam##2200000za#4500 |
| 001 | 9.606322 |
| 003 | CaOODSP |
| 005 | 20251103144802 |
| 007 | cr ||||||||||| |
| 008 | 150406|2010||||xxc|||||o f|0| 0 fre|d |
| 040 | |aCaOODSP|bfre |
| 043 | |an-cn--- |
| 086 | 1 |aPS73-1/2010-02-01F-PDF |
| 110 | 2 |aService canadien du renseignement de sécurité. |
| 245 | 13|aLa nouvelle place de la Chine dans le monde : |h[ressource électronique]|bpoints saillants de la conférence 28 et 29 septembre 2009, Ottawa / |cRapporteur : Pascale Massot. |
| 260 | |aOttawa - Ontario : |bService canadien du renseignement de sécurité |cFévrier 2009. |
| 300 | |a84p. |
| 490 | 1 |aSérie Regards sur le monde|vSérie publication nº 2010-02-01 |
| 500 | |a«Conférence du Service canadien du renseignement de sécurité conjointement parrainée par le Centre de recherches pour le développement international» |
| 590 | |a13-27-Supp|b2013-11-15 |
| 775 | 08|tChina and its new place in the world : |w(CaOODSP)9.578087 |
| 830 | #0|aSérie Regards sur le monde ;|vSérie publication nº 2010-02-01|w(CaOODSP)9.504072 |
| 856 | 40|ahttp://publications.gc.ca|qPDF|s1.14 Mo|uhttps://publications.gc.ca/collections/collection_2013/scrs-csis/PS73-1-2010-02-01-fra.pdf|ySérie publication nº 2010-02-01 |